The Securities Commission : with special reference to its powers of enforcement /
محفوظ في:
| المؤلف الرئيسي: | |
|---|---|
| التنسيق: | أطروحة كتاب |
| اللغة: | English |
| منشور في: |
1998.
|
| الموضوعات: | |
| الوسوم: |
إضافة وسم
لا توجد وسوم, كن أول من يضع وسما على هذه التسجيلة!
|
| LEADER | 01292cam a2200325 a 4500 | ||
|---|---|---|---|
| 001 | u450228 | ||
| 003 | SIRSI | ||
| 008 | 911214s1998 my t 00 1 eng m | ||
| 035 | |a ACI-7393 | ||
| 040 | |a UMU |d UMM | ||
| 043 | |a a-my--- | ||
| 092 | |a K668 |b Seo | ||
| 090 | |a HG5750.6 |b A3Seo | ||
| 100 | 1 | 0 | |a Seow, Siew Mei |
| 245 | 1 | 4 | |a The Securities Commission : |b with special reference to its powers of enforcement / |c by Seow Siew Mei. |
| 260 | |c 1998. | ||
| 300 | |a xiii, [168 leaves] ; |c 30 cm. | ||
| 502 | |a Dissertation (LL.M) -- Fakulti Undang-Undang, Universiti Malaya, 1998. | ||
| 500 | |a PUUG00 | ||
| 610 | 1 | 0 | |a Malaysia. |b Suruhanjaya Sekuriti. |
| 650 | 0 | |a Securities commissions |z Malaysia. | |
| 650 | 0 | |a Securities industry |x State supervision |z Malaysia. | |
| 650 | 0 | |a Securities industry |x Self-regulation |z Malaysia. | |
| 650 | 0 | |a Securities industry |x Law and legislation |z Malaysia. | |
| 710 | 2 | 0 | |a Universiti Malaya. |b Fakulti Undang-Undang. |
| 948 | |a 19/01/2000 |b 05/08/2004 | ||
| 596 | |a 1 4 | ||
| 999 | |a HG5750.6 A3SEO |w LC |c 1 |i A505623589 |d 12/1/2015 |e 12/1/2015 |l STACKS |m P01UTAMA |n 1 |r Y |s Y |t TESIS |u 29/1/2000 | ||
| 999 | |a K668 SEO |w LACLL |c 1 |i A509117717 |l K-ARKIB |m P04UNDANG |r N |s Y |t TESIS |u 21/2/2000 | ||
| 999 | |a K668 SEO |w LACLL |c 1 |i A509117744 |l RESTRICTED |m P04UNDANG |r N |s Y |t TESIS |u 21/2/2000 | ||
